000 00491nam a2200157Ia 4500
005 20250508163450.0
008 008 250505s9999 xx 000 0 eng d
037 _aBooks to be hide in OPAC
040 _aFEDL
_beng
_cFEDL
041 _aeng
_2eng
084 _a152.8, ETS/O
_qFEDL
100 _aTatsuoka Kikumi K
_9775386
245 0 _aItem construction and psychometric models appropriate for constructed responses
942 _cHB
_h152.8, ETS/O
999 _c1383463
_d1383463